000 00583nam a22001817a 4500
999 _c176611
_d176611
005 20210112103522.0
010 _aENG-128756
020 _a978-81-237-8824-1
_c240.00
035 _aEN-112288
037 _bDBAD/PUB
082 _a320.954
245 _aGovernance and Citizenship
_cEdited by Sangit Kumar Ragi
260 _aNew Delhi
_bNational Book Trust
_c2018
270 _bNew Delhi
_e110070
_aNehru Bhawan, 5 Institutional Area, Phase-II, Vasant Kunj
300 _aix+227p.
_c22cm(pbk)
700 _aRagi, Sangit Kumar, Ed.
942 _2ddc
_cEN
_h320.954
_mGOV